000 00196 a2200097 4500
020 _a9780679824244
041 _aeng
100 _aOsborne, Mary Pope
245 _aMummies in the morning
942 _cBK
999 _c9307
_d9307